Statistiques concernant Les plus grandes agglomérations de Roumanie

Cliquez ici pour prendre le quiz!

Statistiques générales

  • Ce quiz a été pris 83 fois
  • Le résultat moyen est 11 sur 20

Statistiques - réponses

PlaceHabitantsNom% Correct
1.2 612 925Agglomération de Bucarest
100%
7.417 552Agglomération de Cluj-Napoca
93%
2.800 000Agglomération de Timișoara-Arad
83%
4.491 498Agglomération de Constanța
77%
6.472 733Agglomération de Iaşi
71%
5.473 470Agglomération de Brașov
67%
9.356 544Agglomération de Craiova
65%
10.302 462Agglomération de Ploiești
59%
13.267 170Agglomération de Sibiu
56%
12.273 641Agglomération de Oradea
49%
3.563 232Agglomération du bas Danube
45%
15.244 714Agglomération de Baia Mare
44%
14.251 746Agglomération de Satu Mare
44%
16.236 748Agglomération de Pitești
43%
11.290 482Agglomération de Bacău
40%
18.223 562Agglomération de Târgu Mureș
40%
8.360 521Agglomération de Botoșani-Suceava
37%
17.227 130Agglomération de Piatra Neamț
20%
19.175 497Corvina
19%
20.173 361Agglomération de Râmnicu Vâlcea
9%

Distribution des résultats

Percentile par nombre de réponses

% des personnes avec chaque résultat

Votre développement - résultats

Vous n’avez pas pris ce quiz